|
|
|
|
| LEADER |
00000caa a22000002c 4500 |
| 001 |
1912578514 |
| 003 |
DE-627 |
| 005 |
20250116055018.0 |
| 007 |
cr uuu---uuuuu |
| 008 |
241217s2014 xx |||||o 00| ||eng c |
| 024 |
7 |
|
|a 10.1016/j.jcrimjus.2014.05.002
|2 doi
|
| 035 |
|
|
|a (DE-627)1912578514
|
| 035 |
|
|
|a (DE-599)KXP1912578514
|
| 040 |
|
|
|a DE-627
|b ger
|c DE-627
|e rda
|
| 041 |
|
|
|a eng
|
| 084 |
|
|
|a 2,1
|2 ssgn
|
| 100 |
1 |
|
|a Piquero, Alex R.
|d 1970-
|e VerfasserIn
|0 (DE-588)1038873037
|0 (DE-627)766624382
|0 (DE-576)176864784
|4 aut
|
| 109 |
|
|
|a Piquero, Alex R. 1970-
|a Piquero, Alex Russell 1970-
|a Piquero, Alex 1970-
|a Piquero, Alexis Russell 1970-
|a Piquero, Alexis R. 1970-
|a Piquero, Alexis 1970-
|
| 245 |
1 |
0 |
|a Human but not social capital is better able to distinguish between offending trajectories in a sample of serious adolescent Hispanic offenders
|
| 264 |
|
1 |
|c 2014
|
| 336 |
|
|
|a Text
|b txt
|2 rdacontent
|
| 337 |
|
|
|a Computermedien
|b c
|2 rdamedia
|
| 338 |
|
|
|a Online-Ressource
|b cr
|2 rdacarrier
|
| 700 |
1 |
|
|a Schubert, Carol A.
|e VerfasserIn
|0 (DE-588)1205843787
|0 (DE-627)1691571946
|4 aut
|
| 700 |
1 |
|
|a Piquero, Nicole Leeper
|e VerfasserIn
|0 (DE-588)101622544X
|0 (DE-627)670092827
|0 (DE-576)351684905
|4 aut
|
| 700 |
1 |
|
|a Jennings, Wesley G.
|e VerfasserIn
|0 (DE-588)1065933401
|0 (DE-627)816949263
|0 (DE-576)323834345
|4 aut
|
| 773 |
0 |
8 |
|i Enthalten in
|t Journal of criminal justice
|d New York, NY [u.a.] : Pergamon Press, 1973
|g 42(2014), 4, Seite 366-373
|h Online-Ressource
|w (DE-627)320510484
|w (DE-600)2013351-0
|w (DE-576)259484784
|x 0047-2352
|7 nnas
|
| 773 |
1 |
8 |
|g volume:42
|g year:2014
|g number:4
|g pages:366-373
|
| 856 |
4 |
0 |
|u https://doi.org/10.1016/j.jcrimjus.2014.05.002
|x Resolving-System
|z lizenzpflichtig
|3 Volltext
|7 1
|
| 935 |
|
|
|a mkri
|
| 951 |
|
|
|a AR
|
| ELC |
|
|
|a 1
|
| LOK |
|
|
|0 000 xxxxxcx a22 zn 4500
|
| LOK |
|
|
|0 001 4637544017
|
| LOK |
|
|
|0 003 DE-627
|
| LOK |
|
|
|0 004 1912578514
|
| LOK |
|
|
|0 005 20241217044541
|
| LOK |
|
|
|0 008 241217||||||||||||||||ger|||||||
|
| LOK |
|
|
|0 035
|a (DE-2619)ICPSR116902
|
| LOK |
|
|
|0 040
|a DE-2619
|c DE-627
|d DE-2619
|
| LOK |
|
|
|0 092
|o n
|
| LOK |
|
|
|0 852
|a DE-2619
|
| LOK |
|
|
|0 852 1
|9 00
|
| LOK |
|
|
|0 935
|a nacp
|
| LOK |
|
|
|0 939
|a 17-12-24
|b l01
|
| ORI |
|
|
|a SA-MARC-krimdoka001.raw
|